Etika dan integriti di Malaysia

Bibliographic Details
Format: Book
Published: Kuala Lumpur : IIM , 2005
Subjects:

MARC

LEADER 00000cam a2200000 7i4500
001 0000003746
005 20110505.0
020 0 0 |a 9834250401 
090 0 0 |a 351.595   |b IIM 2005 
245 1 0 |a Etika dan integriti di Malaysia   |c penyunting Mazilan Musa, Izal Arif Zahrudin & Suzanna Che Moin 
260 0 0 |a Kuala Lumpur :   |b IIM ,   |c 2005 
300 |a xxvi.203 p. ;   |c 26 cm. 
650 0 0 |a Civil service ethics---Malaysia 
650 0 0 |a civil service---Corrupt practices---Malaysia 
650 0 0 |a Public administration---Malaysia 
999 |a 006818   |b Monograph   |c Open Shelf   |e Default branch